000 00815nam a22002175i 4500
001 175121
003 ES-MaACL
005 20250815103928.0
008 101006s1955 sp f |||| | spa d
080 _a581.3
100 1 _aAngulo Carpio, María Dolores.
_9143484
245 1 0 _aNotas bibliográficas sobre agentes físicos en Citogenética /
_cpor María Dolores Angulo Carpio.
260 _a[Madrid] :
_bInstituto "José Celestino Mutis",
_c1955.
300 _a134 p., [14] p. de lám. en bl. y n. ;
_c25 cm.
490 1 _aMonografías de ciencia moderna ;
_v45
650 1 4 _aCitogenética vegetal.
_9143485
710 2 _aInstituto José Celestino Mutis (Madrid)
_95108
830 0 _aMonografías de ciencia moderna
_v45
_9189470
852 _aES-MaACL
_jE-13310
_xOlim P-555 bis
999 _c175121
_d175121